[Event "Hoogeveen op 21st"]
[Site "Hoogeveen"]
[Date "2017.10.22"]
[Round "2"]
[White "Sparenberg, Erik"]
[Black "Engel, Robert"]
[Result "1-0"]
[WhiteElo "2175"]
[BlackElo "1973"]
[PlyCount "97"]
[EventDate "2017.10.21"]
[EventType "swiss"]
[EventRounds "9"]
[EventCountry "NED"]
[SourceTitle "CBM 181 Extra"]
[Source "ChessBase"]
[SourceDate "2017.12.12"]
[SourceVersion "1"]
[SourceVersionDate "2017.12.12"]
[SourceQuality "1"]

1. e4 c5 2. Nf3 d6 3. c3 Nf6 4. Be2 g6 5. 0-0 Bg7 6. Re1 0-0 7. Bf1 Nc6 8. h3 Qc7 9. d4 cxd4 10. cxd4 d5 11. e5 Ne4 12. Qb3 Be6 13. Bd3 Rac8 14. Na3 a6 15. Bf4 Qd7 16. Rad1 Rfd8 17. Bf1 h6 18. Nb1 g5 19. Bh2 Bf5 20. Nbd2 Nxd2 21. Rxd2 Na5 22. Qb4 Nc4 23. Bxc4 Rxc4 24. Qb3 e6 25. g4 Bg6 26. h4 Qe7 27. hxg5 hxg5 28. Qe3 Bh6 29. Kg2 Rdc8 30. Bg3 Be4 31. Rh1 Kg7 32. Rh5 Bg6 33. Rh2 Rc1 34. Ng1 Ra1 35. a3 Rcc1 36. Ne2 Rf1 37. f3 b5 38. Qc3 Qb7 39. Bf2 Qe7 40. Be3 Rfe1 41. Bf2 Rf1 42. Qc5 Qb7 43. Be3 Bh7 44. Ng3 Rfc1 45. Qd6 Rc6 46. Nh5+ Kh8 47. Qd8+ Bg8 48. Qf6+ Kh7 49. Ng3 1-0

[Event "Hoogeveen op 21st"]
[Site "Hoogeveen"]
[Date "2017.10.21"]
[Round "1"]
[White "Ernst, Sipke"]
[Black "Sparenberg, Erik"]
[Result "1-0"]
[WhiteElo "2548"]
[BlackElo "2175"]
[PlyCount "165"]
[EventDate "2017.10.21"]
[EventType "swiss"]
[EventRounds "9"]
[EventCountry "NED"]
[SourceTitle "CBM 181 Extra"]
[Source "ChessBase"]
[SourceDate "2017.12.12"]
[SourceVersion "1"]
[SourceVersionDate "2017.12.12"]
[SourceQuality "1"]

1. d4 d5 2. c4 dxc4 3. Nf3 Nf6 4. e3 e6 5. Bxc4 c5 6. 0-0 Nc6 7. Nc3 a6 8. a4 Be7 9. dxc5 Qxd1 10. Rxd1 Bxc5 11. h3 Bb4 12. Na2 Be7 13. Bd2 0-0 14. b4 Nd7 15. Be2 Bf6 16. Rab1 Ne7 17. Nc3 Ng6 18. Be1 Be7 19. Nd2 Rb8 20. Nc4 Nf6 21. Nb6 Bd8 22. Nxc8 Rxc8 23. a5 Ne5 24. Kf1 Re8 25. Na4 Nd5 26. g3 Be7 27. e4 Nf6 28. Nb6 Rc2 29. f4 Nc6 30. e5 Nd5 31. Nxd5 exd5 32. Rxd5 g5 33. b5 axb5 34. Rbxb5 gxf4 35. gxf4 Bf8 36. Rxb7 Ne7 37. Rd2 Rc1 38. Rd1 Rc2 39. Bd3 Ra2 40. Bb5 Rc8 41. Bd3 Ng6 42. Rd2 Ra4 43. Bxg6 hxg6 44. Re2 Rxf4+ 45. Kg2 Rc6 46. Ra2 Ra6 47. Rb8 Kg7 48. Bd2 Rf5 49. Bc3 Be7 50. Rb6 Ra8 51. a6 Bc5 52. Rc6 Ba7 53. Rc7 Kf8 54. Rb2 Be3 55. Rc6 Rf4 56. Rb7 Ra4 57. e6 R4xa6 58. Rxf7+ Ke8 59. Bb4 Bh6 60. Rh7 Bf8 61. Rxa6 Rxa6 62. e7 Bxe7 63. Rxe7+ Kd8 64. Re5 Kd7 65. Kf3 Ra4 66. Re7+ Kc6 67. Bd2 Kd5 68. Bf4 Ra1 69. Rg7 Rf1+ 70. Kg4 Ke4 71. Bg3 Rf6 72. h4 Kd5 73. Rd7+ Ke4 74. Re7+ Kd5 75. Bf4 Rf5 76. Rg7 Rf6 77. Bg5 Ra6 78. Re7 Kd6 79. Bf6 Ra2 80. Kg5 Rg2+ 81. Kh6 Rg4 82. Bg5 Rg2 83. Re1 1-0

[Event "Vlissingen HZ op 21st"]
[Site "Vlissingen"]
[Date "2017.08.10"]
[Round "7"]
[White "Hummel, Erik Jan"]
[Black "Sparenberg, Erik"]
[Result "1/2-1/2"]
[WhiteElo "2264"]
[BlackElo "2158"]
[PlyCount "47"]
[EventDate "2017.08.05"]
[EventType "swiss"]
[EventRounds "9"]
[EventCountry "NED"]
[SourceTitle "CBM 179 Extra"]
[Source "ChessBase"]
[SourceDate "2017.08.23"]
[SourceVersion "1"]
[SourceVersionDate "2017.08.23"]
[SourceQuality "1"]

1. d4 d5 2. c4 dxc4 3. Nf3 Nf6 4. e3 e6 5. Bxc4 c5 6. 0-0 Nc6 7. Nc3 Be7 8. Qe2 0-0 9. Rd1 Qc7 10. d5 exd5 11. Bxd5 Bg4 12. h3 Bh5 13. g4 Bg6 14. e4 Nb4 15. Bb3 Rfe8 16. a3 Nc6 17. e5 Nd4 18. Nxd4 cxd4 19. exf6 Bd6 20. Nd5 Rxe2 21. Nxc7 Bxc7 22. Bc4 Rc2 23. Bb3 Re2 24. Bc4 1/2-1/2

[Event "Groningen op-A 54th"]
[Site "Groningen"]
[Date "2016.12.30"]
[Round "9"]
[White "Sparenberg, Erik"]
[Black "Krasenkova, Ilena"]
[Result "1-0"]
[WhiteElo "2119"]
[BlackElo "2045"]
[PlyCount "87"]
[EventDate "2016.12.21"]
[EventType "swiss"]
[EventRounds "9"]
[EventCountry "NED"]
[SourceTitle "EXT 2018"]
[Source "ChessBase"]
[SourceDate "2017.10.13"]
[SourceVersion "1"]
[SourceVersionDate "2017.10.13"]
[SourceQuality "1"]

1. e4 Nf6 2. e5 Nd5 3. d4 e6 4. Nf3 Be7 5. Be2 d6 6. exd6 cxd6 7. 0-0 Nc6 8. c4 Nf6 9. Nc3 0-0 10. a3 a5 11. Bf4 Nh5 12. Be3 Nf6 13. Rc1 Ng4 14. Bf4 f5 15. h3 Nf6 16. d5 e5 17. dxc6 exf4 18. Nd4 Qb6 19. Bf3 Bd8 20. Na4 Qa6 21. Qb3 bxc6 22. Bxc6 Ra7 23. Bb5 Qb7 24. Nc6 Ra8 25. c5+ d5 26. Nxd8 Rxd8 27. Nb6 Rb8 28. Qa4 f3 29. Qxa5 fxg2 30. Rfe1 Ne4 31. Qa4 Nxc5 32. Rxc5 Qxb6 33. Qd4 Be6 34. b4 Bf7 35. Re7 Rf8 36. Bc6 Qa6 37. Kxg2 f4 38. Rxf7 Rxf7 39. Bxd5 f3+ 40. Kg1 Qg6+ 41. Qg4 Qb1+ 42. Kh2 Re8 43. Qd7 Ref8 44. Qxf7+ 1-0

[Event "Groningen op-A 54th"]
[Site "Groningen"]
[Date "2016.12.28"]
[Round "7"]
[White "Sparenberg, Erik"]
[Black "De Boer, Eelke"]
[Result "1-0"]
[WhiteElo "2119"]
[BlackElo "2027"]
[PlyCount "39"]
[EventDate "2016.12.21"]
[EventType "swiss"]
[EventRounds "9"]
[EventCountry "NED"]
[SourceTitle "CBM 176 Extra"]
[Source "ChessBase"]
[SourceDate "2017.03.02"]
[SourceVersion "1"]
[SourceVersionDate "2017.03.02"]
[SourceQuality "1"]

1. d4 Nf6 2. Nf3 g6 3. c4 Bg7 4. Nc3 0-0 5. g3 d6 6. Bg2 Nc6 7. 0-0 a6 8. Bf4 Rb8 9. Rc1 Bd7 10. a3 Re8 11. d5 Na5 12. Nd2 e5 13. Bg5 b6 14. b4 Nb7 15. Nde4 Bf5 16. e3 Kh8 17. Qf3 h6 18. Bxf6 Bxf6 19. Nxf6 Qxf6 20. e4 1-0

[Event "Hoogeveen Unive op 20th"]
[Site "Hoogeveen"]
[Date "2016.10.21"]
[Round "8"]
[White "Van Osch, Mees"]
[Black "Sparenberg, Erik"]
[Result "1-0"]
[WhiteElo "2288"]
[BlackElo "2140"]
[PlyCount "61"]
[EventDate "2016.10.15"]
[EventType "swiss"]
[EventRounds "9"]
[EventCountry "NED"]
[SourceTitle "EXT 2017"]
[Source "ChessBase"]
[SourceDate "2016.10.25"]
[SourceVersion "1"]
[SourceVersionDate "2016.10.25"]
[SourceQuality "1"]

1. e4 e5 2. Nf3 Nc6 3. Bc4 Nf6 4. Ng5 Bc5 5. Bxf7+ Ke7 6. Bb3 Rf8 7. 0-0 d6 8. Nc3 Nd4 9. Nd5+ Nxd5 10. Bxd5 h6 11. c3 hxg5 12. cxd4 Bxd4 13. d3 g4 14. Bg5+ Rf6 15. h3 Qe8 16. g3 gxh3 17. Kh2 Qg6 18. f4 exf4 19. Bxf4 c6 20. Bb3 Be6 21. Bxe6 Rxe6 22. Qb3 b6 23. Qa4 Be5 24. Qxc6 Rd8 25. Rac1 Qh5 26. Rc2 Rg6 27. Qd5 Rd7 28. Bxe5 Rg5 29. Bxd6+ Rxd6 30. Rc7+ Ke8 31. Qg8# 1-0

[Event "Hoogeveen Unive op 20th"]
[Site "Hoogeveen"]
[Date "2016.10.19"]
[Round "5"]
[White "Sparenberg, Erik"]
[Black "De Boer, Eelke"]
[Result "1-0"]
[WhiteElo "2140"]
[BlackElo "2018"]
[PlyCount "99"]
[EventDate "2016.10.15"]
[EventType "swiss"]
[EventRounds "9"]
[EventCountry "NED"]
[SourceTitle "EXT 2017"]
[Source "ChessBase"]
[SourceDate "2016.10.25"]
[SourceVersion "1"]
[SourceVersionDate "2016.10.25"]
[SourceQuality "1"]

1. e4 e6 2. d4 d5 3. exd5 exd5 4. Nf3 Nc6 5. Bf4 Bd6 6. Bxd6 Qxd6 7. c3 Bg4 8. Be2 0-0-0 9. Nbd2 Re8 10. 0-0 Nf6 11. Re1 Re7 12. Bd3 Rxe1+ 13. Qxe1 Re8 14. Qf1 Ne4 15. Re1 f5 16. Bb5 Bh5 17. Qd3 Bf7 18. Bxc6 Qxc6 19. Ne5 Qf6 20. Nb3 g5 21. Qb5 Re7 22. Qa4 a6 23. f3 Be8 24. Qa5 Nd6 25. Qxd5 Bf7 26. Qc5 Nc4 27. Qa7 Nb6 28. Nc5 Bd5 29. a4 g4 30. fxg4 Qh4 31. Ncd3 Be4 32. g3 Qh3 33. Nf4 Qh6 34. a5 Nd7 35. Nxd7 Kxd7 36. gxf5 Qd6 37. Qc5 Qxc5 38. dxc5 Bxf5 39. Rxe7+ Kxe7 40. Kf2 c6 41. Ke3 Kf6 42. Kd4 Bd7 43. Ng2 h5 44. Ne3 Be6 45. Ke4 Ba2 46. Kf4 Be6 47. h4 Kg6 48. Ke5 Kf7 49. Nf5 Bb3 50. Nd6+ 1-0